00812nam a22002057a 4500999001900000005001700019010001300036020001100049035001200060037001600072082001200088100002800100245011200128246006900240260006100309270004900370300002100419942003100440952013500471 c189128d18912820220620172016.0 aUR-11587 c400.00 aU-10142 bDBAD/PUBa- a808.883 aسید رضا حید ر aا لنا صر :bرضا نامہ /cسید رضا حید ر: ایڑ یڈا- میثم زیدیhا ر د و aAn-Nasir: Raza Nama /bby Syed Raza Haider ; ed. by Misam Zaidi aAligarhbSyed Raza HaidercSpecial Issue April 2022 ء  a46, Alig Apartment, Shamshad MarketbAligarh aم صc22cm(pbk) 2ddccURh808.883mس ی د 001040708NFICaLbLd2022-06-20eDBAD/PUBg400.00l0o808.883 س ی دpU-10142r2022-06-20 00:00:00t1v400.00w2022-06-20yUR